Normal view MARC view

Entry Topical Term

Number of records used in: 1

001 - CONTROL NUMBER

  • control field: 8256

003 - CONTROL NUMBER IDENTIFIER

  • control field: OSt

005 - DATE AND TIME OF LATEST TRANSACTION

  • control field: 20160425170917.0

008 - FIXED-LENGTH DATA ELEMENTS

  • fixed length control field: 160425|| aca||aabn | a|a d

040 ## - CATALOGING SOURCE

  • Original cataloging agency: OSt
  • Transcribing agency: OSt

150 ## - HEADING--TOPICAL TERM

  • Topical term or geographic name entry element: Thermodynamics

670 ## - SOURCE DATA FOUND

  • Source citation: Work cat.: (OSt): Cox, Heather 8255, Problems and solutions to accompany McQuarrie and Simon molecular thermodynamics /, 1990